Ratingové hodnotenie SR a výkonnosť slovenskej ekonomiky bakalárska práca

Salvato in:
Dettagli Bibliografici
Autore principale: Komara, Anton
Ente Autore: Národohospodárska fakulta EU. Katedra financií
Altri autori: Alexy, Martin, 1976-
Natura: Libro
Lingua:slovacco
Pubblicazione: Bratislava 2012
Tags: Aggiungi Tag
Nessun Tag, puoi essere il primo ad aggiungerne!!

MARC

LEADER 00000nbm a2200000 4500
001 0156042
005 20161109111933.9
041 0 |a slo 
044 |a SK 
245 1 0 |a Ratingové hodnotenie SR a výkonnosť slovenskej ekonomiky  |b bakalárska práca  |c Anton Komara ; školiteľ: Martin Alexy 
264 1 |a Bratislava  |c 2012 
300 |a 47 s. 
100 1 |a Komara, Anton 
700 1 |a Alexy, Martin, 1976- 
710 2 |a Národohospodárska fakulta EU. Katedra financií